[Event "XLIV Memoriał Szachowy Ludwika Zamenhofa 2025, Grupa A"]
[Site "Białystok, Poland"]
[Date "2025.12.27"]
[Round "2.7"]
[White "Turski, Bartlomiej"]
[Black "Krol, Jan"]
[Result "1/2-1/2"]
[TimeControl "90'+30\""]
[WhiteElo "2411"]
[BlackElo "2202"]

1. Nf3 {[%clk 01:30:57]} {[%emt 00:00:02]} d5 {[%clk 01:30:54]} {[%emt
00:00:06]} 2. g3 {[%clk 01:31:13]} {[%emt 00:00:14]} Bg4 {[%clk 01:31:19]}
{[%emt 00:00:05]} 3. Bg2 {[%clk 01:31:25]} {[%emt 00:00:18]} Nf6 {[%clk
01:31:23]} {[%emt 00:00:26]} 4. c4 {[%clk 01:31:06]} {[%emt 00:00:50]} e6
{[%clk 01:30:54]} {[%emt 00:00:58]} 5. O-O {[%clk 01:31:00]} {[%emt 00:00:36]}
Nbd7 {[%clk 01:29:48]} {[%emt 00:01:36]} 6. d4 {[%clk 01:30:30]} {[%emt
00:00:59]} c6 {[%clk 01:29:18]} {[%emt 00:01:02]} 7. Qb3 {[%clk 01:29:17]}
{[%emt 00:01:42]} Qb6 {[%clk 01:19:16]} {[%emt 00:10:32]} 8. Nc3 {[%clk
01:28:16]} {[%emt 00:01:31]} Be7 {[%clk 01:10:58]} {[%emt 00:08:48]} 9. Bf4
{[%clk 01:26:21]} {[%emt 00:02:25]} O-O {[%clk 01:03:42]} {[%emt 00:07:46]} 10.
c5 {[%clk 01:25:13]} {[%emt 00:01:38]} Qxb3 {[%clk 01:02:08]} {[%emt 00:02:04]}
11. axb3 {[%clk 01:25:42]} {[%emt 00:00:02]} h6 {[%clk 01:01:06]} {[%emt
00:01:32]} 12. b4 {[%clk 01:24:16]} {[%emt 00:01:56]} Bxf3 {[%clk 01:00:33]}
{[%emt 00:01:02]} 13. Bxf3 {[%clk 01:23:57]} {[%emt 00:00:49]} a6 {[%clk
01:00:47]} {[%emt 00:00:17]} 14. Rfe1 {[%clk 01:20:11]} {[%emt 00:04:16]}
1/2-1/2

[Event "XLIV Memoriał Szachowy Ludwika Zamenhofa 2025, Grupa A"]
[Site "Białystok, Poland"]
[Date "2025.12.27"]
[Round "2.8"]
[White "Rajbharath, Harjith"]
[Black "Piesik, Piotr"]
[Result "0-1"]
[TimeControl "90'+30\""]
[WhiteElo "2002"]
[BlackElo "2407"]

1. d4 {[%clk 01:30:50]} {[%emt 00:00:08]} Nf6 {[%clk 01:30:40]} {[%emt
00:00:21]} 2. c4 {[%clk 01:30:53]} {[%emt 00:00:26]} e6 {[%clk 01:30:46]}
{[%emt 00:00:25]} 3. Nf3 {[%clk 01:30:55]} {[%emt 00:00:28]} d5 {[%clk
01:30:48]} {[%emt 00:00:28]} 4. Nc3 {[%clk 01:30:31]} {[%emt 00:00:54]} Bb4
{[%clk 01:30:26]} {[%emt 00:00:52]} 5. Qa4+ {[%clk 01:30:05]} {[%emt 00:00:56]}
Nc6 {[%clk 01:30:50]} {[%emt 00:00:05]} 6. e3 {[%clk 01:30:24]} {[%emt
00:00:12]} O-O {[%clk 01:31:06]} {[%emt 00:00:14]} 7. Bd2 {[%clk 01:30:49]}
{[%emt 00:00:04]} Re8 {[%clk 01:31:06]} {[%emt 00:00:31]} 8. Qc2 {[%clk
01:30:24]} {[%emt 00:00:55]} Bf8 {[%clk 01:15:58]} {[%emt 00:15:38]} 9. a3
{[%clk 01:18:24]} {[%emt 00:12:30]} b6 {[%clk 01:01:51]} {[%emt 00:14:37]} 10.
cxd5 {[%clk 00:57:54]} {[%emt 00:20:59]} exd5 {[%clk 01:02:13]} {[%emt
00:00:09]} 11. Bb5 {[%clk 00:56:36]} {[%emt 00:01:48]} Bd7 {[%clk 00:45:26]}
{[%emt 00:17:17]} 12. Nxd5 {[%clk 00:45:01]} {[%emt 00:12:05]} Nxd4 {[%clk
00:38:19]} {[%emt 00:07:37]} 13. Nxf6+ {[%clk 00:43:52]} {[%emt 00:01:38]} Qxf6
{[%clk 00:38:48]} {[%emt 00:00:02]} 14. Nxd4 {[%clk 00:43:49]} {[%emt
00:00:33]} Qxd4 {[%clk 00:39:11]} {[%emt 00:00:07]} 15. Bc3 {[%clk 00:39:51]}
{[%emt 00:04:28]} Qg4 {[%clk 00:37:19]} {[%emt 00:02:22]} 16. Bxd7 {[%clk
00:39:36]} {[%emt 00:00:45]} Qxd7 {[%clk 00:37:41]} {[%emt 00:00:08]} 17. O-O
{[%clk 00:38:19]} {[%emt 00:01:46]} c5 {[%clk 00:36:47]} {[%emt 00:01:25]} 18.
Rfd1 {[%clk 00:36:19]} {[%emt 00:02:30]} Qc6 {[%clk 00:35:15]} {[%emt
00:02:02]} 19. Rd2 {[%clk 00:32:06]} {[%emt 00:04:44]} b5 {[%clk 00:31:14]}
{[%emt 00:04:30]} 20. a4 {[%clk 00:26:01]} {[%emt 00:06:36]} a6 {[%clk
00:31:20]} {[%emt 00:00:23]} 21. Rad1 {[%clk 00:23:09]} {[%emt 00:03:22]} Qe4
{[%clk 00:25:31]} {[%emt 00:06:19]} 22. Ba5 {[%clk 00:19:34]} {[%emt 00:04:05]}
Qxc2 {[%clk 00:14:20]} {[%emt 00:11:42]} 23. Rxc2 {[%clk 00:20:03]} {[%emt
00:00:02]} Re4 {[%clk 00:14:39]} {[%emt 00:00:10]} 24. axb5 {[%clk 00:15:58]}
{[%emt 00:04:35]} axb5 {[%clk 00:15:05]} {[%emt 00:00:05]} 25. Bb6 {[%clk
00:16:20]} {[%emt 00:00:07]} c4 {[%clk 00:11:09]} {[%emt 00:04:26]} 26. Bd4
{[%clk 00:14:45]} {[%emt 00:02:04]} Ra2 {[%clk 00:11:07]} {[%emt 00:00:32]} 27.
Kf1 {[%clk 00:13:55]} {[%emt 00:01:21]} f6 {[%clk 00:10:53]} {[%emt 00:00:45]}
28. Ke2 {[%clk 00:12:46]} {[%emt 00:01:38]} Kf7 {[%clk 00:10:25]} {[%emt
00:00:58]} 29. Rdd2 {[%clk 00:11:19]} {[%emt 00:01:58]} Re8 {[%clk 00:07:52]}
{[%emt 00:03:03]} 30. b3 {[%clk 00:10:35]} {[%emt 00:01:14]} Rxc2 {[%clk
00:05:43]} {[%emt 00:02:38]} 31. Rxc2 {[%clk 00:11:04]} {[%emt 00:00:01]} cxb3
{[%clk 00:06:07]} {[%emt 00:00:07]} 32. Rb2 {[%clk 00:10:17]} {[%emt 00:01:16]}
Ra8 {[%clk 00:06:14]} {[%emt 00:00:23]} 33. Rxb3 {[%clk 00:10:16]} {[%emt
00:00:31]} b4 {[%clk 00:06:09]} {[%emt 00:00:35]} 34. Kd3 {[%clk 00:07:27]}
{[%emt 00:03:19]} Ke6 {[%clk 00:06:16]} {[%emt 00:00:24]} 35. Rb1 {[%clk
00:04:19]} {[%emt 00:03:38]} Ra2 {[%clk 00:03:48]} {[%emt 00:02:57]} 36. Rb2
{[%clk 00:03:37]} {[%emt 00:01:12]} Ra3+ {[%clk 00:04:11]} {[%emt 00:00:07]} 37.
Kc4 {[%clk 00:03:11]} {[%emt 00:00:56]} Ra8 {[%clk 00:03:06]} {[%emt 00:01:35]}
38. h3 {[%clk 00:02:30]} {[%emt 00:01:11]} f5 {[%clk 00:03:20]} {[%emt
00:00:17]} 39. f3 {[%clk 00:02:40]} {[%emt 00:00:20]} g6 {[%clk 00:03:23]}
{[%emt 00:00:26]} 40. Kd3 {[%clk 00:01:43]} {[%emt 00:01:27]} Ra3+ {[%clk
00:02:41]} {[%emt 00:01:13]} 41. Kc4 {[%clk 00:01:38]} {[%emt 00:00:34]} Ra1
{[%clk 00:02:51]} {[%emt 00:00:20]} 42. Rc2 {[%clk 00:01:16]} {[%emt 00:00:52]}
Ra8 {[%clk 00:02:06]} {[%emt 00:01:15]} 43. Kd3 {[%clk 00:00:51]} {[%emt
00:00:56]} Ra3+ {[%clk 00:02:07]} {[%emt 00:00:28]} 44. Kc4 {[%clk 00:01:15]}
{[%emt 00:00:06]} Bd6 {[%clk 00:02:32]} {[%emt 00:00:05]} 45. e4 {[%clk
00:01:11]} {[%emt 00:00:33]} fxe4 {[%clk 00:02:35]} {[%emt 00:00:28]} 46. fxe4
{[%clk 00:01:39]} {[%emt 00:00:01]} Be7 {[%clk 00:02:29]} {[%emt 00:00:37]} 47.
Rf2 {[%clk 00:01:29]} {[%emt 00:00:41]} Ra8 {[%clk 00:02:05]} {[%emt 00:00:53]}
48. Re2 {[%clk 00:01:10]} {[%emt 00:00:49]} Rc8+ {[%clk 00:02:20]} {[%emt
00:00:15]} 49. Kd3 {[%clk 00:00:58]} {[%emt 00:00:42]} Bd6 {[%clk 00:01:39]}
{[%emt 00:01:11]} 50. Rf2 {[%clk 00:00:45]} {[%emt 00:00:43]} Be5 {[%clk
00:01:54]} {[%emt 00:00:15]} 51. Bxe5 {[%clk 00:00:57]} {[%emt 00:00:18]} Kxe5
{[%clk 00:02:20]} {[%emt 00:00:04]} 52. Rb2 {[%clk 00:01:19]} {[%emt 00:00:07]}
Rc3+ {[%clk 00:02:42]} {[%emt 00:00:08]} 53. Kd2 {[%clk 00:01:18]} {[%emt
00:00:32]} Rc4 {[%clk 00:03:07]} {[%emt 00:00:04]} 54. Kd3 {[%clk 00:01:08]}
{[%emt 00:00:40]} Rd4+ {[%clk 00:03:26]} {[%emt 00:00:10]} 55. Ke3 {[%clk
00:01:28]} {[%emt 00:00:10]} Rxe4+ {[%clk 00:03:52]} {[%emt 00:00:05]} 56. Kd3
{[%clk 00:01:32]} {[%emt 00:00:25]} Rd4+ {[%clk 00:03:26]} {[%emt 00:00:57]} 57.
Ke3 {[%clk 00:01:56]} {[%emt 00:00:05]} Rc4 {[%clk 00:03:49]} {[%emt 00:00:08]}
58. Ra2 {[%clk 00:01:29]} {[%emt 00:00:56]} Rc3+ {[%clk 00:04:06]} {[%emt
00:00:13]} 59. Ke2 {[%clk 00:01:22]} {[%emt 00:00:36]} Kd4 {[%clk 00:04:08]}
{[%emt 00:00:29]} 60. Ra7 {[%clk 00:01:32]} {[%emt 00:00:21]} h5 {[%clk
00:03:31]} {[%emt 00:01:07]} 61. g4 {[%clk 00:00:36]} {[%emt 00:01:26]} Rxh3
{[%clk 00:03:53]} {[%emt 00:00:07]} 62. gxh5 {[%clk 00:01:04]} {[%emt
00:00:03]} Rxh5 {[%clk 00:04:06]} {[%emt 00:00:16]} 63. Ra6 {[%clk 00:01:15]}
{[%emt 00:00:19]} Rh2+ {[%clk 00:04:21]} {[%emt 00:00:15]} 64. Kd1 {[%clk
00:01:41]} {[%emt 00:00:04]} Rg2 {[%clk 00:04:46]} {[%emt 00:00:05]} 65. Rc6
{[%clk 00:01:49]} {[%emt 00:00:23]} b3 {[%clk 00:04:54]} {[%emt 00:00:22]} 66.
Kc1 {[%clk 00:02:09]} {[%emt 00:00:07]} Rc2+ {[%clk 00:05:18]} {[%emt
00:00:08]} 0-1

[Event "XLIV Memoriał Szachowy Ludwika Zamenhofa 2025, Grupa A"]
[Site "Białystok, Poland"]
[Date "2025.12.27"]
[Round "2.9"]
[White "Niedbala, Bartlomiej"]
[Black "Obrycki, Tomasz"]
[Result "1/2-1/2"]
[TimeControl "90'+30\""]
[WhiteElo "2380"]
[BlackElo "2068"]

1. d4 {[%clk 01:23:15]} {[%emt 00:07:37]} Nf6 {[%clk 01:30:47]} {[%emt
00:00:21]} 2. c4 {[%clk 01:23:38]} {[%emt 00:00:07]} e6 {[%clk 01:31:00]}
{[%emt 00:00:17]} 3. Nf3 {[%clk 01:23:59]} {[%emt 00:00:09]} b6 {[%clk
01:31:04]} {[%emt 00:00:26]} 4. g3 {[%clk 01:24:26]} {[%emt 00:00:04]} Bb7
{[%clk 01:31:06]} {[%emt 00:00:28]} 5. Bg2 {[%clk 01:24:54]} {[%emt 00:00:02]}
Bb4+ {[%clk 01:30:57]} {[%emt 00:00:39]} 6. Bd2 {[%clk 01:23:23]} {[%emt
00:02:01]} Be7 {[%clk 01:30:55]} {[%emt 00:00:31]} 7. Nc3 {[%clk 01:19:38]}
{[%emt 00:04:16]} c6 {[%clk 01:30:06]} {[%emt 00:01:20]} 8. O-O {[%clk
01:08:05]} {[%emt 00:12:03]} O-O {[%clk 01:30:21]} {[%emt 00:00:14]} 9. Bf4
{[%clk 00:58:52]} {[%emt 00:09:43]} d5 {[%clk 01:30:36]} {[%emt 00:00:15]} 10.
Rc1 {[%clk 00:46:58]} {[%emt 00:12:24]} Nbd7 {[%clk 01:15:48]} {[%emt
00:15:18]} 11. cxd5 {[%clk 00:40:36]} {[%emt 00:06:52]} Nxd5 {[%clk 01:13:02]}
{[%emt 00:03:17]} 12. Nxd5 {[%clk 00:35:33]} {[%emt 00:05:31]} exd5 {[%clk
01:09:03]} {[%emt 00:04:30]} 13. Qc2 {[%clk 00:31:34]} {[%emt 00:04:28]} Nf6
{[%clk 01:06:58]} {[%emt 00:02:36]} 14. Ne5 {[%clk 00:28:58]} {[%emt 00:03:05]}
c5 {[%clk 01:06:27]} {[%emt 00:01:02]} 15. Rfd1 {[%clk 00:24:52]} {[%emt
00:04:35]} cxd4 {[%clk 00:54:05]} {[%emt 00:12:54]} 16. Nc6 {[%clk 00:19:53]}
{[%emt 00:05:29]} Bxc6 {[%clk 00:53:02]} {[%emt 00:01:32]} 17. Qxc6 {[%clk
00:20:21]} {[%emt 00:00:02]} Bc5 {[%clk 00:51:36]} {[%emt 00:01:55]} 18. Bg5
{[%clk 00:11:26]} {[%emt 00:09:26]} Qe8 {[%clk 00:49:56]} {[%emt 00:02:06]} 19.
Qxe8 {[%clk 00:11:26]} {[%emt 00:00:35]} Raxe8 {[%clk 00:49:40]} 20. Bxf6
{[%clk 00:11:12]} {[%emt 00:01:29]} gxf6 {[%clk 00:50:08]} {[%emt 00:00:02]} 21.
Rc2 {[%clk 00:10:34]} {[%emt 00:01:08]} Re5 {[%clk 00:48:58]} {[%emt 00:01:37]}
22. Kf1 {[%clk 00:09:04]} {[%emt 00:02:03]} Rd8 {[%clk 00:48:42]} {[%emt
00:00:45]} 23. Rd3 {[%clk 00:08:18]} {[%emt 00:01:16]} Re7 {[%clk 00:48:01]}
{[%emt 00:01:11]} 24. Bh3 {[%clk 00:08:20]} {[%emt 00:00:29]} a5 {[%clk
00:45:13]} {[%emt 00:03:19]} 25. Bf5 {[%clk 00:06:13]} {[%emt 00:02:35]} h5
{[%clk 00:43:25]} {[%emt 00:02:18]} 26. h4 {[%clk 00:05:50]} {[%emt 00:00:53]}
Re5 {[%clk 00:42:53]} {[%emt 00:01:02]} 27. Rf3 {[%clk 00:04:55]} {[%emt
00:01:26]} Kf8 {[%clk 00:42:04]} {[%emt 00:01:19]} 28. a3 {[%clk 00:03:12]}
{[%emt 00:02:13]} Ke7 {[%clk 00:40:00]} {[%emt 00:02:34]} 29. Bd3 {[%clk
00:03:22]} {[%emt 00:00:19]} a4 {[%clk 00:37:18]} {[%emt 00:03:13]} 30. Ke1
{[%clk 00:02:40]} {[%emt 00:01:12]} Ke6 {[%clk 00:37:21]} {[%emt 00:00:25]} 31.
Kd2 {[%clk 00:02:35]} {[%emt 00:00:35]} f5 {[%clk 00:34:33]} {[%emt 00:03:20]}
32. Rc1 {[%clk 00:02:32]} {[%emt 00:00:32]} Rd7 {[%clk 00:32:01]} {[%emt
00:03:00]} 33. Bb5 {[%clk 00:02:37]} {[%emt 00:00:28]} Ra7 {[%clk 00:32:26]}
{[%emt 00:00:05]} 34. Bd3 {[%clk 00:02:20]} {[%emt 00:00:48]} Rd7 {[%clk
00:32:39]} {[%emt 00:00:17]} 35. Bb5 {[%clk 00:01:21]} {[%emt 00:01:29]}
1/2-1/2

[Event "XLIV Memoriał Szachowy Ludwika Zamenhofa 2025, Grupa A"]
[Site "Białystok, Poland"]
[Date "2025.12.27"]
[Round "2.10"]
[White "Sernecki, Franciszek"]
[Black "Podgorski, Maciej"]
[Result "1-0"]
[TimeControl "90'+30\""]
[WhiteElo "2306"]
[BlackElo "2030"]

1. d4 {[%clk 01:30:30]} {[%emt 00:00:29]} Nf6 {[%clk 01:30:49]} {[%emt
00:00:12]} 2. c4 {[%clk 01:30:34]} {[%emt 00:00:25]} e6 {[%clk 01:30:39]}
{[%emt 00:00:41]} 3. Nc3 {[%clk 01:30:42]} {[%emt 00:00:22]} Bb4 {[%clk
01:30:13]} {[%emt 00:00:56]} 4. e3 {[%clk 01:31:03]} {[%emt 00:00:09]} O-O
{[%clk 01:29:44]} {[%emt 00:00:59]} 5. Bd3 {[%clk 01:31:27]} {[%emt 00:00:06]}
d5 {[%clk 01:29:42]} {[%emt 00:00:32]} 6. a3 {[%clk 01:31:50]} {[%emt
00:00:07]} Bxc3+ {[%clk 01:29:38]} {[%emt 00:00:33]} 7. bxc3 {[%clk 01:32:14]}
{[%emt 00:00:06]} dxc4 {[%clk 01:30:06]} {[%emt 00:00:03]} 8. Bxc4 {[%clk
01:32:38]} {[%emt 00:00:05]} c5 {[%clk 01:29:51]} {[%emt 00:00:45]} 9. Ne2
{[%clk 01:32:59]} {[%emt 00:00:09]} Qc7 {[%clk 01:29:38]} {[%emt 00:00:44]} 10.
Ba2 {[%clk 01:30:39]} {[%emt 00:02:50]} e5 {[%clk 01:14:14]} {[%emt 00:15:54]}
11. d5 {[%clk 01:10:39]} {[%emt 00:20:30]} c4 {[%clk 01:08:04]} {[%emt
00:06:40]} 12. f3 {[%clk 01:09:16]} {[%emt 00:01:52]} e4 {[%clk 01:04:48]}
{[%emt 00:03:47]} 13. Qd4 {[%clk 01:07:08]} {[%emt 00:02:38]} exf3 {[%clk
00:38:28]} {[%emt 00:26:50]} 14. gxf3 {[%clk 01:06:49]} {[%emt 00:00:48]} b5
{[%clk 00:37:04]} {[%emt 00:01:55]} 15. e4 {[%clk 01:01:15]} {[%emt 00:06:03]}
Nbd7 {[%clk 00:33:44]} {[%emt 00:03:50]} 16. Bf4 {[%clk 00:55:06]} {[%emt
00:06:39]} Qb6 {[%clk 00:22:09]} {[%emt 00:12:05]} 17. Bb1 {[%clk 00:37:10]}
{[%emt 00:18:26]} Re8 {[%clk 00:15:11]} {[%emt 00:07:28]} 18. Bc2 {[%clk
00:35:22]} {[%emt 00:02:19]} Bb7 {[%clk 00:10:50]} {[%emt 00:04:51]} 19. Kf2
{[%clk 00:29:37]} {[%emt 00:06:14]} Nc5 {[%clk 00:07:44]} {[%emt 00:03:36]} 20.
Be3 {[%clk 00:28:46]} {[%emt 00:01:22]} Nfd7 {[%clk 00:06:42]} {[%emt
00:01:32]} 21. Rhg1 {[%clk 00:26:27]} {[%emt 00:02:49]} g6 {[%clk 00:06:28]}
{[%emt 00:00:44]} 22. h4 {[%clk 00:22:27]} {[%emt 00:04:30]} Rac8 {[%clk
00:06:03]} {[%emt 00:00:55]} 23. Rg5 {[%clk 00:18:05]} {[%emt 00:04:52]} f6
{[%clk 00:05:18]} {[%emt 00:01:15]} 24. Rg3 {[%clk 00:18:24]} {[%emt 00:00:10]}
Ne5 {[%clk 00:05:18]} {[%emt 00:00:30]} 25. Rag1 {[%clk 00:15:55]} {[%emt
00:03:00]} Kf7 {[%clk 00:04:27]} {[%emt 00:01:21]} 26. Kf1 {[%clk 00:14:54]}
{[%emt 00:01:31]} Qd6 {[%clk 00:03:14]} {[%emt 00:01:43]} 27. h5 {[%clk
00:13:07]} {[%emt 00:02:16]} Rg8 {[%clk 00:02:58]} {[%emt 00:00:47]} 28. hxg6+
{[%clk 00:12:24]} {[%emt 00:01:12]} hxg6 {[%clk 00:03:02]} {[%emt 00:00:26]} 29.
Nf4 {[%clk 00:09:00]} {[%emt 00:03:55]} a5 {[%clk 00:03:07]} {[%emt 00:00:25]}
30. Nxg6 {[%clk 00:06:20]} {[%emt 00:03:10]} Ncd3 {[%clk 00:01:43]} {[%emt
00:01:53]} 31. Qa7 {[%emt 00:07:16]} Qa6 {[%clk 00:01:09]} 32. Nxe5+ {[%clk
00:00:34]} {[%emt 00:00:35]} fxe5 {[%clk 00:01:11]} {[%emt 00:00:27]} 33. Rxg8
{[%clk 00:00:36]} {[%emt 00:00:28]} Rxg8 {[%clk 00:01:22]} {[%emt 00:00:19]} 34.
Rxg8 {[%clk 00:00:40]} {[%emt 00:00:26]} Qxa7 {[%clk 00:01:30]} {[%emt
00:00:22]} 35. Bxa7 {[%clk 00:01:07]} {[%emt 00:00:03]} Kxg8 {[%clk 00:01:56]}
{[%emt 00:00:04]} 36. Bb6 {[%clk 00:00:36]} {[%emt 00:01:01]} b4 {[%clk
00:01:36]} {[%emt 00:00:50]} 37. Bxd3 {[%clk 00:00:42]} {[%emt 00:00:24]} cxd3
{[%clk 00:02:01]} {[%emt 00:00:06]} 38. cxb4 {[%clk 00:00:58]} {[%emt
00:00:15]} axb4 {[%clk 00:02:18]} {[%emt 00:00:12]} 39. axb4 {[%clk 00:01:09]}
{[%emt 00:00:19]} Ba6 {[%clk 00:02:31]} {[%emt 00:00:17]} 40. Ke1 {[%clk
00:01:33]} {[%emt 00:00:05]} Kf7 {[%clk 00:02:31]} {[%emt 00:00:30]} 41. Bc7
{[%clk 00:01:06]} {[%emt 00:00:58]} Kf6 {[%clk 00:02:50]} {[%emt 00:00:09]} 42.
Kd2 {[%clk 00:01:34]} {[%emt 00:00:03]} Bb5 {[%clk 00:03:03]} {[%emt 00:00:17]}
43. Ke3 {[%clk 00:02:00]} {[%emt 00:00:05]} Bc4 {[%clk 00:02:58]} {[%emt
00:00:35]} 44. Bd8+ {[%clk 00:02:10]} {[%emt 00:00:19]} Kf7 {[%clk 00:03:04]}
{[%emt 00:00:25]} 45. Bh4 {[%clk 00:01:46]} {[%emt 00:00:53]} Bb5 {[%clk
00:03:06]} {[%emt 00:00:28]} 46. Bg3 {[%clk 00:00:56]} {[%emt 00:01:21]} Kf6
{[%clk 00:03:25]} {[%emt 00:00:11]} 47. Bh4+ {[%clk 00:01:03]} {[%emt
00:00:22]} Kf7 {[%clk 00:03:47]} {[%emt 00:00:09]} 48. Bg3 {[%clk 00:00:47]}
{[%emt 00:00:45]} Kf6 {[%clk 00:03:47]} {[%emt 00:00:30]} 49. f4 {[%clk
00:01:04]} {[%emt 00:00:14]} exf4+ {[%clk 00:03:57]} {[%emt 00:00:20]} 50. Bxf4
{[%clk 00:01:30]} {[%emt 00:00:03]} Ke7 {[%clk 00:02:40]} {[%emt 00:01:47]} 51.
Kd4 {[%clk 00:01:54]} {[%emt 00:00:06]} Kd7 {[%clk 00:02:40]} {[%emt 00:00:30]}
52. e5 {[%clk 00:02:15]} {[%emt 00:00:10]} Ba6 {[%clk 00:02:55]} {[%emt
00:00:15]} 53. e6+ {[%clk 00:02:29]} {[%emt 00:00:15]} Ke8 {[%clk 00:03:02]}
{[%emt 00:00:23]} 54. d6 {[%clk 00:02:48]} {[%emt 00:00:11]} 1-0

[Event "XLIV Memoriał Szachowy Ludwika Zamenhofa 2025, Grupa A"]
[Site "Białystok, Poland"]
[Date "2025.12.27"]
[Round "2.11"]
[White "Nasuta, Grzegorz"]
[Black "Kulig, Pawel"]
[Result "1-0"]
[TimeControl "90'+30\""]
[WhiteElo "2498"]
[BlackElo "2172"]

1. e4 {[%clk 01:30:31]} {[%emt 00:00:29]} c5 {[%clk 01:30:55]} {[%emt
00:00:06]} 2. Nf3 {[%clk 01:30:56]} {[%emt 00:00:05]} d6 {[%clk 01:31:21]}
{[%emt 00:00:04]} 3. Bb5+ {[%clk 01:31:10]} {[%emt 00:00:16]} Nd7 {[%clk
01:30:54]} {[%emt 00:00:56]} 4. Ba4 {[%clk 01:30:12]} {[%emt 00:01:28]} Ngf6
{[%clk 01:29:26]} {[%emt 00:01:58]} 5. O-O {[%clk 01:30:21]} {[%emt 00:00:21]}
a6 {[%clk 01:23:11]} {[%emt 00:06:45]} 6. c4 {[%clk 01:29:42]} {[%emt
00:01:10]} g6 {[%clk 01:21:06]} {[%emt 00:02:34]} 7. Nc3 {[%clk 01:29:26]}
{[%emt 00:00:47]} Bg7 {[%clk 01:21:22]} {[%emt 00:00:14]} 8. d3 {[%clk
01:24:05]} {[%emt 00:05:51]} O-O {[%clk 01:21:14]} {[%emt 00:00:38]} 9. h3
{[%clk 01:23:39]} {[%emt 00:00:56]} Rb8 {[%clk 01:19:24]} {[%emt 00:02:19]} 10.
Rb1 {[%clk 01:19:43]} {[%emt 00:04:25]} Ne8 {[%clk 01:04:24]} {[%emt 00:15:31]}
11. d4 {[%clk 01:12:50]} {[%emt 00:07:23]} cxd4 {[%clk 00:57:54]} {[%emt
00:07:01]} 12. Nxd4 {[%clk 01:13:13]} {[%emt 00:00:07]} Ne5 {[%clk 00:57:41]}
{[%emt 00:00:42]} 13. Qe2 {[%clk 01:03:45]} {[%emt 00:09:59]} Nc6 {[%clk
00:43:43]} {[%emt 00:14:27]} 14. Nxc6 {[%clk 00:43:49]} {[%emt 00:20:26]} bxc6
{[%clk 00:44:08]} {[%emt 00:00:06]} 15. Bf4 {[%clk 00:44:11]} {[%emt 00:00:08]}
c5 {[%clk 00:36:31]} {[%emt 00:08:07]} 16. e5 {[%clk 00:42:20]} {[%emt
00:02:22]} Bd7 {[%clk 00:22:56]} {[%emt 00:14:06]} 17. Rbd1 {[%clk 00:39:23]}
{[%emt 00:03:26]} Bxa4 {[%clk 00:17:41]} {[%emt 00:05:45]} 18. Nxa4 {[%clk
00:39:50]} {[%emt 00:00:03]} Qc7 {[%clk 00:16:18]} {[%emt 00:01:53]} 19. Rfe1
{[%clk 00:39:29]} {[%emt 00:00:52]} Qc6 {[%clk 00:15:42]} {[%emt 00:01:06]} 20.
b3 {[%clk 00:36:27]} {[%emt 00:03:33]} Rd8 {[%clk 00:14:05]} {[%emt 00:02:06]}
21. Qf3 {[%clk 00:17:01]} {[%emt 00:19:56]} Rc8 {[%clk 00:11:11]} {[%emt
00:03:24]} 22. Qe3 {[%clk 00:08:01]} {[%emt 00:09:31]} dxe5 {[%clk 00:06:38]}
{[%emt 00:05:03]} 23. Bxe5 {[%clk 00:08:26]} {[%emt 00:00:05]} Nf6 {[%clk
00:05:52]} {[%emt 00:01:16]} 24. Rd3 {[%clk 00:07:51]} {[%emt 00:01:05]} Rfe8
{[%clk 00:04:14]} {[%emt 00:02:08]} 25. Red1 {[%clk 00:07:26]} {[%emt
00:00:55]} a5 {[%clk 00:02:23]} {[%emt 00:02:21]} 26. Bc3 {[%clk 00:04:20]}
{[%emt 00:03:35]} h5 {[%clk 00:02:15]} {[%emt 00:00:38]} 27. Bb2 {[%clk
00:02:21]} {[%emt 00:02:29]} Kh7 {[%clk 00:02:27]} {[%emt 00:00:18]} 28. Qe5
{[%clk 00:01:53]} {[%emt 00:00:58]} Qc7 {[%clk 00:02:03]} {[%emt 00:00:54]} 29.
Qxc7 {[%clk 00:01:00]} {[%emt 00:01:23]} Rxc7 {[%clk 00:02:30]} {[%emt
00:00:04]} 30. Bc3 {[%clk 00:00:52]} {[%emt 00:00:38]} Rc6 {[%clk 00:02:23]}
{[%emt 00:00:36]} 31. Bxa5 {[%clk 00:00:48]} {[%emt 00:00:35]} Ne4 {[%clk
00:02:49]} {[%emt 00:00:04]} 32. f3 {[%clk 00:01:03]} {[%emt 00:00:15]} Ng5
{[%clk 00:03:02]} {[%emt 00:00:16]} 33. Bc3 {[%clk 00:01:19]} {[%emt 00:00:14]}
e5 {[%clk 00:03:28]} {[%emt 00:00:04]} 34. Rd5 {[%clk 00:01:14]} {[%emt
00:00:35]} Ne6 {[%clk 00:03:18]} {[%emt 00:00:40]} 35. Bxe5 {[%clk 00:01:31]}
{[%emt 00:00:13]} f6 {[%clk 00:03:42]} {[%emt 00:00:06]} 36. Bd6 {[%clk
00:00:43]} {[%emt 00:01:18]} Bh6 {[%clk 00:03:47]} {[%emt 00:00:25]} 37. Re1
{[%clk 00:00:52]} {[%emt 00:00:22]} Nf4 {[%clk 00:03:41]} {[%emt 00:00:35]} 38.
Rxe8 {[%clk 00:00:57]} {[%emt 00:00:27]} Nxd5 {[%clk 00:04:06]} {[%emt
00:00:04]} 39. Bxc5 {[%clk 00:01:11]} {[%emt 00:00:16]} 1-0